000
00310nam a2200133Ia 4500
008
221030s9999 xx 000 0 und d
041
_a
English
082
_a
105.23
100
_a
P. K. Mittal
245
2
_a
A text Book of Differential Equations
_c
by P. K. Mittal
260
_c
0
650
_a
B
942
_c
BK
999
_c
11938
_d
11938